000 01001nam a2200241Ii 4500
003 JO-AjNU
008 230605s9999||||xx |||||||||||||| ||und||
017 _a7361/م
020 _a978-99901-38-36-8
040 _aJO-AjNU
_bara
_erda
_cJO-AjNU
041 _aara
050 1 4 _aK5015.4.2010
100 3 _a البطراوي ، عبد الوهاب عمر ,
_eauthor
_953038
245 0 0 _aشرح قانون الإجراءات الجنائية في القانون البحريني مقارنة بالقانون الأردني
250 _aط2
264 3 1 _aمملكة البحرين : جامعة العلوم التطبيقية ، 2010
300 _a296ص
336 _atext
_btxt
_2rdacontent
337 _aunmediated
_bn
_2rdamedia
338 _avolume
_bnc
_2rdacarrier
490 0 _aسلسلة الكتب القانونية (6)
650 4 _aقانون الإجراءات الجنائية -- مملكة البحرين -- قانون الإجراءات الجنائية -- الاردن
_953039
999 _aA23531
_c27099
_d27099